Humanistický manifest 2000

Bibliographic Details
Format: Article
Language:Slovak
PhysicalDescription:Fotogr.
ISSN:1336-6424
Subjects:

MARC

LEADER 00000nab a2200000 ar4500
001 vtls008427224
003 SK-MaSNL
005 20260303065950.0
008 060131c2005 xo br|p|||||||000 b|slo
015 |a SNBRB2006/01  |2 snkbucl 
038 |a SNKBUCL 
040 |a SNKBUCL  |b slo  |c SNKBUCL  |e AACR2 
041 0 |a slo 
044 |a xo  |c SK 
080 |a 172  |2 2001 
080 |a 165.71  |2 2001 
245 0 0 |a Humanistický manifest 2000 
300 |b Fotogr. 
500 |a Pokračovanie z čísla 05/2005. Pokračovania v budúcom čísle 
630 0 7 |a Humanistický manifest 2000  |2 snkbucl  |9 22320 
773 0 |t Prometheus  |g Roč. I., č. 6 (2005), s. 20-21  |x 1336-6424 
852 |a SNK  |b KIS3GCP 
999 |c 1753450  |d 1755380